| 000 | 01798nam a2200541 i 4500 | ||
|---|---|---|---|
| 001 | 55811 | ||
| 003 | KOSZ 005 | ||
| 005 | 20220111120101.0 | ||
| 008 | 090302s2008 pl a f f |001 0 pol | ||
| 015 | _aUWD 2009/5822 | ||
| 020 | _a9788324614110 | ||
| 035 | _a991048228189705066 | ||
| 035 | _a(PL-WaBN)b23379595-48omnis_nlop | ||
| 035 | _ab23379595 | ||
| 035 | _a(OCoLC)297605505 | ||
| 035 | _a(PL)b0000002337959 | ||
| 035 | _a(EXLNZ-48OMNIS_NETWORK)9910141418505606 | ||
| 040 |
_aWA N _cWA N _dKOSZ 005/HR |
||
| 041 | 1 |
_apol _heng |
|
| 046 | _k2008 | ||
| 080 | _a(07) | ||
| 080 | _a004.42 | ||
| 080 | _a004.774 | ||
| 080 | _a004.92 | ||
| 100 | 1 |
_aUlrich, Katherine _eAutor |
|
| 245 | 1 | 0 |
_aFlash CS3 Professional PL : _bklatka po klatce / _cKatherine Ulrich ; [tł. Aleksander Lamża]. |
| 246 | 1 |
_iTyt. oryg.: _aAdobe Flash CS3 professional for Windows and Macintosh, _f2008 |
|
| 260 |
_aGliwice : _bWydawnictwo Helion, _ccop. 2008. |
||
| 300 |
_a574 s. : _bil. ; _c25 cm. |
||
| 336 |
_aTekst _btxt _2rdacontent |
||
| 337 |
_aBez urządzenia pośredniczącego _bn _2rdamedia |
||
| 338 |
_aWolumin _bnc _2rdacarrier |
||
| 380 | _aKsiążki | ||
| 380 | _aPublikacje fachowe | ||
| 388 | _a2001- | ||
| 504 | _aIndeks. | ||
| 650 | 7 |
_aAnimacja komputerowa _2DBN |
|
| 650 | 7 |
_aFlash (program komputerowy) _2DBN |
|
| 650 | 7 |
_aProgramy graficzne _2DBN |
|
| 650 | 7 |
_aProjektowanie stron WWW _2DBN |
|
| 655 | 7 |
_aPodręcznik _2DBN |
|
| 658 | _aInformatyka i technologie informacyjne | ||
| 700 | 1 |
_aLamża, Aleksander _eTłumaczenie |
|
| 710 | 2 |
_aHelion _4pbl |
|
| 856 |
_uhttp://koha.tu.koszalin.pl/cgi-bin/koha/opac-detail.pl?biblionumber=55811 _yKatalog online BPK |
||
| 942 |
_2UKD _cKS |
||
| 999 |
_c55811 _d55811 |
||